Về chủ nghĩa quan liêu
Một số báo cáo và bài viết của V.I. Lênin về những biểu hiện, nguyên nhân và biện pháp khắc phục bệnh quan liêu trong công tác Đảng và Nhà nước Liên Xô
保存先:
| 第一著者: | |
|---|---|
| フォーマット: | 図書 |
| 出版事項: |
H.
Sự thật
1984
|
| 主題: | |
| タグ: |
タグ追加
タグなし, このレコードへの初めてのタグを付けませんか!
|
| Thư viện lưu trữ: | Mạng thư viện Đại học Đà Nẵng |
|---|
| LEADER | 01273nam a22003498a 4500 | ||
|---|---|---|---|
| 001 | 000008175 | ||
| 003 | 4359 | ||
| 005 | 20111014101010.0 | ||
| 008 | 111014s1984 b 000 0 od | ||
| 020 | |c 2000đ |d 5120b | ||
| 082 | |a 335.4 |b LÊ-N | ||
| 084 | |a A15:R61(2) |b V000ề | ||
| 100 | 1 | |a Lênin, V.I. | |
| 245 | 1 | 0 | |a Về chủ nghĩa quan liêu |c V.I. Lênin |
| 260 | |a H. |b Sự thật |c 1984 | ||
| 300 | |a 90tr |c 19cm | ||
| 520 | |a Một số báo cáo và bài viết của V.I. Lênin về những biểu hiện, nguyên nhân và biện pháp khắc phục bệnh quan liêu trong công tác Đảng và Nhà nước Liên Xô | ||
| 653 | |a Chủ nghĩa quan liêu | ||
| 653 | |a Công tác Đảng | ||
| 653 | |a Nhà nước | ||
| 653 | |a Liên Xô | ||
| 910 | |a Nuyễn Thị Kim Oanh |d 14/10/2011 | ||
| OWN | |a LSP | ||
| AVA | |a UDN50 |b LSP |d 335.4 LÊ-N |e unavailable |t Error 5002 Not defined in file expand_doc_bib_avail. |f 1 |g 1 |h N |i 0 |k 1 | ||
| 999 | |a From the UDN01 | ||
| AVA | |a UDN50 |b LSP |d 335.4 LÊ-N |e unavailable |t Error 5002 Not defined in file expand_doc_bib_avail. |f 1 |g 1 |h N |i 0 |k 1 | ||
| TYP | |a Monograph | ||
| TYP | |a Printed language | ||
| 980 | |a Mạng thư viện Đại học Đà Nẵng | ||